[Event "Flims op 9th"]
[Site "Flims"]
[Date "2020.10.09"]
[Round "1"]
[White "Erne, Raphael"]
[Black "Clermont, Andreas"]
[Result "1-0"]
[WhiteElo "1775"]
[BlackElo "1320"]
[PlyCount "103"]
[EventDate "2020.10.09"]
[EventType "swiss"]
[EventRounds "5"]
[EventCountry "SUI"]
[SourceTitle "CBM 198 Extra"]
[Source "ChessBase"]
[SourceDate "2020.11.30"]
[SourceVersion "1"]
[SourceVersionDate "2020.11.30"]
[SourceQuality "1"]

1. c4 e5 2. g3 Nf6 3. Bg2 Bc5 4. Nc3 Nc6 5. Nf3 d6 6. 0-0 Bf5 7. d3 Qd7 8. a3 Bh3 9. Bg5 Bxg2 10. Kxg2 Nh5 11. Rb1 h6 12. Bd2 Nd4 13. e3 Ne6 14. d4 exd4 15. exd4 Bxd4 16. Nxd4 Nxd4 17. Re1+ Kf8 18. Qxh5 Qc6+ 19. Qd5 Qxd5+ 20. cxd5 Nb3 21. Be3 Kg8 22. Nb5 c5 23. dxc6 bxc6 24. Nxd6 Rd8 25. Nb7 Rd7 26. Nc5 Nxc5 27. Bxc5 Kh7 28. Rbd1 Rhd8 29. Rxd7 Rxd7 30. Re7 Rxe7 31. Bxe7 Kg6 32. Kf3 Kf5 33. Bf8 Kf6 34. Ke4 h5 35. Kd4 g5 36. Kc5 Kg6 37. Kxc6 f5 38. f4 gxf4 39. gxf4 h4 40. Bc5 Kh5 41. Bxa7 Kg4 42. Bf2 h3 43. Bg3 Kf3 44. a4 Kg4 45. a5 Kh5 46. a6 Kg4 47. a7 Kh5 48. a8Q Kg4 49. Kd6 Kh5 50. Qg8 Kh6 51. Kc7 Kh5 52. Qg5# 1-0

[Event "Wil Acrevis op 1st"]
[Site "Wil"]
[Date "2020.06.20"]
[Round "2"]
[White "Schnell, Simon"]
[Black "Clermont, Andreas"]
[Result "1-0"]
[WhiteElo "1562"]
[BlackElo "1355"]
[PlyCount "93"]
[EventDate "2020.06.19"]
[EventType "swiss"]
[EventRounds "5"]
[EventCountry "SUI"]
[SourceTitle "CBM 197 Extra"]
[Source "ChessBase"]
[SourceDate "2020.09.30"]
[SourceVersion "1"]
[SourceVersionDate "2020.09.30"]
[SourceQuality "1"]

1. d4 d5 2. c4 c6 3. Nc3 Nf6 4. Nf3 Bf5 5. Bg5 Ne4 6. Bh4 Nxc3 7. bxc3 f6 8. e3 h5 9. h3 g5 10. Bg3 h4 11. Bh2 Bg7 12. Bd3 Qd7 13. Qc2 Be6 14. cxd5 Bxd5 15. e4 Be6 16. e5 Na6 17. 0-0 Bxh3 18. Nxg5 fxg5 19. gxh3 Qxh3 20. Bg6+ Kd8 21. Bf5 Qf3 22. Rad1 h3 23. Be4 Qg4+ 24. Kh1 Nc7 25. Rg1 Qe6 26. Rxg5 Nd5 27. Rxg7 Kc7 28. Rg6 Qf7 29. e6+ Qf4 30. Bxf4+ Nxf4 31. Rg7 Rae8 32. Kh2 Nxe6 33. Rh7 Ng5 34. Rxh8 Rxh8 35. Rg1 Ne6 36. Bf5 Nf4 37. Qe4 Nd5 38. Qe5+ Kb6 39. Qxh8 Ka5 40. Rb1 Nxc3 41. Rxb7 Nb5 42. Qb8 Ka6 43. Bd3 Ka5 44. Bxb5 cxb5 45. Rxb5+ Ka4 46. Rb7 Ka3 47. Qxa7# 1-0